[Event "Bad Woerishofen op"]
[Site "?"]
[Date "2000.??.??"]
[Round "5"]
[White "Krajewski, Wolfgang"]
[Black "Friedrich, Wolfgang"]
[Result "1/2-1/2"]
[WhiteElo "2255"]
[BlackElo "2104"]
[PlyCount "103"]
[EventDate "2000.??.??"]

1. d4 e6 2. c4 Nf6 3. Nf3 b6 4. a3 d5 5. Bg5 Be7 6. cxd5 exd5 7. e3 O-O 8. Nc3
Bb7 9. Bd3 Nbd7 10. O-O Ne4 11. Bf4 g5 12. Bg3 f5 13. Be5 Nxc3 14. bxc3 g4 15.
Nd2 Nxe5 16. dxe5 Qe8 17. Qc2 Qh5 18. f4 Bc5 19. Rfe1 Rae8 20. Nb3 Re6 21. Nd4
Bxd4 22. exd4 c5 23. Qe2 Rfe8 24. Rab1 Rh6 25. g3 Bc6 26. Rb2 Qf7 27. Ra1 c4
28. Bc2 Rg6 29. Raa2 h5 30. Qd1 Rh6 31. Ba4 Qd7 32. Bxc6 Qxc6 33. Kf2 Re7 34.
Qb1 Qd7 35. Ke3 h4 36. Rg2 h3 37. Rgb2 Rc6 38. Rb5 Qe6 39. Rab2 Rb7 40. Qh1 Rd7
41. Qb1 Rb7 42. Qd1 a6 43. Rc5 bxc5 44. Rxb7 Rb6 45. Rxb6 Qxb6 46. dxc5 Qxc5+
47. Qd4 Qc6 48. a4 a5 49. Kd2 Qb7 50. Kc1 Kh7 51. e6 Qg7 52. Qxd5 1/2-1/2

[Event "Bad Woerishofen op"]
[Site "?"]
[Date "2000.??.??"]
[Round "7"]
[White "Krajewski, Wolfgang"]
[Black "Willim, Michael"]
[Result "0-1"]
[WhiteElo "2255"]
[BlackElo "2124"]
[PlyCount "106"]
[EventDate "2000.??.??"]

1. d4 Nf6 2. Nf3 e6 3. Bf4 b6 4. e3 Bb7 5. Nbd2 c5 6. c3 Be7 7. Bd3 d5 8. h3
O-O 9. O-O Ba6 10. Bxa6 Nxa6 11. Ne5 Qc8 12. Bg5 Re8 13. f4 Nb8 14. Qe1 Nfd7
15. Bxe7 Rxe7 16. Qh4 f6 17. g4 Qe8 18. Nef3 Nc6 19. Rae1 e5 20. fxe5 fxe5 21.
e4 dxe4 22. Nxe4 cxd4 23. Nd6 Qg6 24. Nf5 Ree8 25. cxd4 Qf6 26. Qxf6 gxf6 27.
d5 Ne7 28. Nxe7+ Rxe7 29. Rc1 Nc5 30. Nh4 Nd3 31. Rc6 Nf4 32. d6 Rd7 33. Kh2
Kf7 34. Nf5 Rad8 35. Rfc1 Ne6 36. R1c4 Ng7 37. Rc7 Ne8 38. Rxd7+ Rxd7 39. Rc6
Ke6 40. Rc8 Nxd6 41. Nxd6 Kxd6 42. Rc2 e4 43. Kg3 Ke5 44. h4 Rd3+ 45. Kf2 Kf4
46. g5 fxg5 47. hxg5 Rh3 48. Rc7 Rh2+ 49. Ke1 Kf3 50. Rxa7 Rh1+ 51. Kd2 e3+ 52.
Kd3 Rd1+ 53. Kc2 e2 0-1

[Event "Bad Woerishofen op"]
[Site "?"]
[Date "2000.??.??"]
[Round "9"]
[White "Krajewski, Wolfgang"]
[Black "von Saldern, Ruediger"]
[Result "1-0"]
[WhiteElo "2255"]
[BlackElo "1900"]
[PlyCount "79"]
[EventDate "2000.??.??"]

1. d4 d5 2. Nf3 Nf6 3. c4 e6 4. Bg5 Be7 5. cxd5 exd5 6. Nc3 Nbd7 7. e3 O-O 8.
Qc2 c6 9. Bd3 h6 10. Bf4 Re8 11. h3 Nf8 12. O-O-O Bd6 13. Ne5 Qe7 14. g4 N6d7
15. Nf3 Bxf4 16. exf4 Qd6 17. Ne2 c5 18. Qd2 c4 19. Bb1 Nf6 20. Ne5 b5 21. Ng3
b4 22. g5 c3 23. Qc2 N6h7 24. h4 Bg4 25. Ne2 cxb2+ 26. Kxb2 Qa6 27. Rhe1 Qa3+
28. Ka1 Rec8 29. Qb3 Qxb3 30. axb3 Bxe2 31. Rxe2 h5 32. f5 Rc7 33. Rc2 Rxc2 34.
Bxc2 Rd8 35. f4 Nd7 36. Kb2 Nxe5 37. fxe5 Nf8 38. Ra1 Ra8 39. Ra5 Nd7 40. Rxd5
1-0

[Event "Bad Woerishofen op"]
[Site "Bad Woerishofen"]
[Date "2000.??.??"]
[Round "2"]
[White "Kroencke, Manfred"]
[Black "Pelletier, Yannick"]
[Result "0-1"]
[WhiteElo "2175"]
[BlackElo "2478"]
[PlyCount "76"]
[EventDate "1998.03.05"]
[Source "ChessBase"]
[SourceDate "1998.04.29"]

1. e4 c5 2. Nf3 d6 3. d3 Nc6 4. g3 g6 5. Bg2 Bg7 6. O-O e5 7. c3 Nge7 8. a3 a5
9. a4 O-O 10. Na3 h6 11. d4 exd4 12. cxd4 Nxd4 13. Nxd4 cxd4 14. Nb5 Qb6 15.
Bf4 Rd8 16. h4 Be6 17. Rc1 Rac8 18. Rxc8 Nxc8 19. Qd3 Na7 20. Nxa7 Qxa7 21. Rc1
Qb6 22. Qd2 h5 23. Bf1 Bd7 24. Bc4 Bxa4 25. Bg5 Rd7 26. Ra1 Bc6 27. Rxa5 Bxe4
28. Ra8+ Kh7 29. Qe2 d5 30. Bxd5 Bxd5 31. Qe8 f6 32. Qxd7 Qb3 33. Qh3 Qd1+ 34.
Qf1 Qf3 35. Kh2 fxg5 36. Ra3 Qf5 37. hxg5 Qxg5 38. f4 Qf5 0-1

[Event "Bad Woerishofen op"]
[Site "?"]
[Date "2000.??.??"]
[Round "4"]
[White "Kroencke, Manfred"]
[Black "Auer, Hans"]
[Result "1/2-1/2"]
[WhiteElo "2175"]
[BlackElo "1905"]
[PlyCount "56"]
[EventDate "2000.??.??"]

1. e4 d6 2. d4 Nf6 3. Nc3 g6 4. g3 Bg7 5. Bg2 O-O 6. Nge2 Nc6 7. O-O e5 8. Bg5
h6 9. dxe5 Nxe5 10. Bxf6 Bxf6 11. h3 Be6 12. b3 Bg7 13. f4 Nc6 14. f5 Bd7 15.
Qd2 g5 16. Rad1 Ne5 17. Nd5 f6 18. g4 Rf7 19. Nd4 c6 20. Ne6 Qc8 21. Ne3 Bxe6
22. fxe6 Qxe6 23. Qxd6 Re8 24. Nf5 Bf8 25. Qxe6 Rxe6 26. Rd8 Kh7 27. Rfd1 Bc5+
28. Kh1 Bb6 1/2-1/2

[Event "Bad Woerishofen op"]
[Site "?"]
[Date "2000.??.??"]
[Round "6"]
[White "Kroencke, Manfred"]
[Black "Porubszki, Georg"]
[Result "1-0"]
[WhiteElo "2175"]
[BlackElo "2003"]
[PlyCount "65"]
[EventDate "2000.??.??"]

1. e4 d5 2. exd5 Qxd5 3. Nc3 Qd8 4. d4 Nf6 5. Nf3 e6 6. Be2 Be7 7. O-O O-O 8.
Bf4 Nd5 9. Nxd5 exd5 10. c3 Bf5 11. Qb3 b6 12. Ne5 f6 13. Ng4 c6 14. Ne3 Bg6
15. Bf3 Kh8 16. Rfe1 Bd6 17. Bxd6 Qxd6 18. c4 dxc4 19. Nxc4 Qxd4 20. Red1 Qf4
21. Qa3 Kg8 22. Nxb6 axb6 23. Qxa8 Be4 24. Qa4 f5 25. Qb3+ Kh8 26. Bxe4 fxe4
27. Qxb6 h5 28. Rd8 Rxd8 29. Qxd8+ Kh7 30. Rd1 Na6 31. Qa5 Qg4 32. Re1 Nb8 33.
Qe5 1-0

[Event "Bad Woerishofen op"]
[Site "?"]
[Date "2000.??.??"]
[Round "8"]
[White "Kroencke, Manfred"]
[Black "Schellmann, Frank"]
[Result "1/2-1/2"]
[WhiteElo "2175"]
[BlackElo "1850"]
[PlyCount "34"]
[EventDate "2000.??.??"]

1. e4 e5 2. Nf3 Nf6 3. Nxe5 d6 4. Nf3 Nxe4 5. Nc3 Nxc3 6. bxc3 Be7 7. h3 O-O 8.
Bd3 Nd7 9. O-O Nc5 10. Qe2 Bf6 11. Re1 Bd7 12. Ba3 Re8 13. Qf1 Nxd3 14. Qxd3
Bc6 15. Rxe8+ Qxe8 16. Re1 Qd7 17. Nd4 Re8 1/2-1/2

[Event "Bad Woerishofen op"]
[Site "?"]
[Date "2000.??.??"]
[Round "2"]
[White "Krotofil, Kurt"]
[Black "Sanna, Giuseppe"]
[Result "1-0"]
[WhiteElo "1923"]
[BlackElo "1615"]
[PlyCount "73"]
[EventDate "2000.??.??"]

1. d4 Nf6 2. Nf3 e6 3. c4 c5 4. d5 exd5 5. cxd5 d6 6. Nc3 g6 7. Nd2 Bg7 8. Nc4
a6 9. a4 Ng4 10. Ne4 O-O 11. Bg5 f6 12. Bf4 Ne5 13. Nexd6 Nxc4 14. Nxc4 Nd7 15.
e3 Nb6 16. Nd6 f5 17. Qd2 g5 18. Nxc8 Rxc8 19. Bg3 Qxd5 20. Qxd5+ Nxd5 21. Bc4
Rcd8 22. O-O-O Kh8 23. Rxd5 Rxd5 24. Bxd5 f4 25. exf4 gxf4 26. Bh4 Bd4 27. Re1
b5 28. a5 c4 29. Re6 Rf5 30. Re8+ Kg7 31. Rg8+ Kh6 32. Bf3 b4 33. Be7 Bc5 34.
Bd8 Bxf2 35. Bb6 Bc5 36. h4 Be3+ 37. Kc2 1-0

[Event "Bad Woerishofen op"]
[Site "?"]
[Date "2000.??.??"]
[Round "4"]
[White "Krotofil, Kurt"]
[Black "Mueller, Wolfgang"]
[Result "1-0"]
[WhiteElo "1923"]
[BlackElo "1493"]
[PlyCount "75"]
[EventDate "2000.??.??"]

1. d4 d5 2. c4 c6 3. Nf3 Nf6 4. Nc3 e6 5. e3 Nbd7 6. Bd3 Bd6 7. O-O O-O 8. cxd5
cxd5 9. b3 a6 10. Bb2 e5 11. dxe5 Nxe5 12. Be2 Re8 13. Nd4 Neg4 14. h3 Ne5 15.
Qc2 Ng6 16. Rfd1 Ne4 17. Bf3 Nxc3 18. Bxc3 Bxh3 19. gxh3 Qg5+ 20. Bg4 Nh4 21.
Nf5 Re4 22. Nxh4 Rxg4+ 23. hxg4 Qxh4 24. f3 Rc8 25. Rd3 Be5 26. Rc1 h6 27. Qf2
Qf6 28. Bb2 Bxb2 29. Rxc8+ Kh7 30. Rc2 Be5 31. f4 Bd6 32. Rxd5 Bb4 33. Qg2 Qb6
34. Qe4+ g6 35. Rd7 Qf6 36. Qxb4 h5 37. Qf8 hxg4 38. Rxf7+ 1-0

[Event "Bad Woerishofen op"]
[Site "?"]
[Date "2000.??.??"]
[Round "6"]
[White "Krotofil, Kurt"]
[Black "Liedtke, Dirk"]
[Result "0-1"]
[WhiteElo "1923"]
[BlackElo "2168"]
[PlyCount "60"]
[EventDate "2000.??.??"]

1. d4 g6 2. c4 Bg7 3. Nc3 d6 4. e4 Nc6 5. d5 Nd4 6. Be3 c5 7. Nge2 Qb6 8. Rb1
e5 9. dxe6 Bxe6 10. Nd5 Bxd5 11. exd5 Qa5+ 12. b4 Qxa2 13. Nxd4 cxd4 14. Ra1
Qb2 15. Qa4+ b5 16. Qxb5+ Kf8 17. Rxa7 Re8 18. Qd7 Ne7 19. Be2 dxe3 20. fxe3
Qc3+ 21. Kf2 Bh6 22. Rha1 Bxe3+ 23. Kf1 Bxa7 24. Rxa7 Qxb4 25. Rb7 Qa3 26. Ra7
Qc1+ 27. Kf2 Qf4+ 28. Kg1 Kg7 29. Bg4 Nxd5 30. Be6 Qe3+ 0-1

[Event "Bad Woerishofen op"]
[Site "?"]
[Date "2000.??.??"]
[Round "8"]
[White "Krotofil, Kurt"]
[Black "Bartels, Holger"]
[Result "1/2-1/2"]
[WhiteElo "1923"]
[BlackElo "2154"]
[PlyCount "34"]
[EventDate "2000.??.??"]

1. d4 d5 2. c4 e6 3. Nc3 Nf6 4. Nf3 Be7 5. e3 O-O 6. Bd3 dxc4 7. Bxc4 c5 8. O-O
a6 9. a4 Nc6 10. dxc5 Bxc5 11. e4 Qxd1 12. Rxd1 Ng4 13. Rf1 Nge5 14. Nxe5 Nxe5
15. Be2 Bd7 16. Bf4 Ng6 17. Bg3 Bc6 1/2-1/2

[Event "Bad Woerishofen op"]
[Site "Bad Woerishofen"]
[Date "2000.??.??"]
[Round "2"]
[White "Kuempers, Ulrich"]
[Black "Lerner, Konstantin"]
[Result "0-1"]
[WhiteElo "2240"]
[BlackElo "2575"]
[PlyCount "132"]
[EventDate "1998.03.05"]
[Source "ChessBase"]
[SourceDate "1998.04.29"]

1. d4 Nf6 2. c4 e6 3. Nf3 b6 4. g3 Ba6 5. b3 Bb4+ 6. Bd2 Be7 7. Bg2 O-O 8. O-O
d5 9. Ne5 Bb7 10. Bc3 Na6 11. Nd2 c5 12. e3 Qc7 13. Rc1 dxc4 14. Bxb7 Qxb7 15.
Ndxc4 Rfd8 16. Qf3 Qxf3 17. Nxf3 Ne4 18. Ba1 Rac8 19. Rfd1 Nb4 20. a3 Nc6 21.
Kg2 f6 22. Bb2 b5 23. Ncd2 Nxd2 24. Rxd2 Na5 25. Rc3 c4 26. b4 Nb3 27. Rd1 Ra8
28. Nd2 Nxd2 29. Rxd2 a5 30. bxa5 Rxa5 31. Rd1 Rda8 32. Rb1 Kf7 33. Kf3 Ke8 34.
Bc1 Rc8 35. Rc2 Kd7 36. Bd2 c3 37. Rxc3 Rxc3 38. Bxc3 Rxa3 39. Bb4 Bxb4 40.
Rxb4 Kc6 41. Rb2 Kb6 42. h4 Rc3 43. Ke4 h5 44. f3 Rc1 45. f4 g6 46. Ra2 Rc8 47.
Kd3 b4 48. Ra4 Kb5 49. Ra7 Rc3+ 50. Kd2 Rc6 51. Ra8 b3 52. Kd3 f5 53. Ra7 Kb4
54. Ra8 b2 55. Rb8+ Ka3 56. Ra8+ Kb3 57. Rb8+ Ka2 58. Ra8+ Kb1 59. Kd2 Rc2+ 60.
Kd1 Rg2 61. Ra6 Rxg3 62. Rxe6 Ka2 63. Ra6+ Kb3 64. Rb6+ Kc3 65. Ke2 Rg2+ 66.
Kf3 Rg1 0-1

[Event "Bad Woerishofen op"]
[Site "?"]
[Date "2000.??.??"]
[Round "4"]
[White "Kuempers, Ulrich"]
[Black "Neumann, Peter"]
[Result "1-0"]
[WhiteElo "2210"]
[BlackElo "1748"]
[PlyCount "31"]
[EventDate "2000.??.??"]

1. d4 Nf6 2. c4 e5 3. dxe5 Ng4 4. e4 Nxe5 5. f4 Ng6 6. Be3 Nc6 7. Nc3 Bb4 8.
Nf3 Qe7 9. Bd3 O-O 10. h4 Qf6 11. Qd2 d6 12. h5 Bxc3 13. bxc3 Nge7 14. h6 Ng6
15. hxg7 Re8 16. Ng5 1-0

[Event "Bad Woerishofen op"]
[Site "?"]
[Date "2000.??.??"]
[Round "6"]
[White "Kuempers, Ulrich"]
[Black "Doell, Detlef"]
[Result "1-0"]
[WhiteElo "2210"]
[BlackElo "2093"]
[PlyCount "101"]
[EventDate "2000.??.??"]

1. d4 Nf6 2. c4 c5 3. d5 e5 4. Nc3 d6 5. e4 Nbd7 6. g3 g6 7. Bg2 a6 8. a4 Bg7
9. Nge2 O-O 10. O-O Nh5 11. Be3 Re8 12. Qd3 Nf8 13. Rfb1 f5 14. exf5 gxf5 15.
Ra3 Ng6 16. b4 e4 17. Qd2 Ne5 18. Qa2 Nd3 19. bxc5 dxc5 20. a5 Be5 21. Na4 Bd6
22. Nb6 Rb8 23. Rab3 Qc7 24. Qd2 Re7 25. Bh6 f4 26. Bxe4 Nxf2 27. Kxf2 Rxe4 28.
Nxc8 Qxc8 29. gxf4 Kf7 30. Qb2 b5 31. cxb5 c4 32. Rg3 Rxe2+ 33. Qxe2 Nxg3 34.
hxg3 Qf5 35. g4 Bc5+ 36. Kg3 Qxd5 37. Rd1 Qe6 38. Qxe6+ Kxe6 39. f5+ Ke7 40.
bxa6 Ra8 41. Rd5 Bd6+ 42. Bf4 Bxf4+ 43. Kxf4 Rc8 44. a7 c3 45. Rc5 Ra8 46. Rxc3
Rxa7 47. Rc5 Kf7 48. g5 Kg7 49. Ke5 h5 50. gxh6+ Kxh6 51. Kd5 1-0

[Event "Bad Woerishofen op"]
[Site "?"]
[Date "2000.??.??"]
[Round "8"]
[White "Kuempers, Ulrich"]
[Black "Wissinger, Peter"]
[Result "1-0"]
[WhiteElo "2210"]
[BlackElo "2060"]
[PlyCount "53"]
[EventDate "2000.??.??"]

1. d4 Nf6 2. c4 g6 3. Nc3 Bg7 4. e4 d6 5. f4 O-O 6. Nf3 c5 7. d5 Bg4 8. Be2
Nbd7 9. O-O a6 10. a4 Qc7 11. Be3 Bxf3 12. Bxf3 e6 13. g4 exd5 14. cxd5 h6 15.
h4 Rfe8 16. g5 hxg5 17. hxg5 Nh7 18. e5 Nxe5 19. fxe5 Bxe5 20. Qd2 Qd7 21. Rae1
b5 22. a5 b4 23. Ne4 Kg7 24. Bf4 f5 25. gxf6+ Nxf6 26. Bxe5 Rxe5 27. Nxf6 1-0

[Event "Bad Woerishofen op"]
[Site "?"]
[Date "2000.??.??"]
[Round "2"]
[White "Kugelmann, Joachim"]
[Black "Haecker, Roland"]
[Result "0-1"]
[WhiteElo "2001"]
[BlackElo "1689"]
[PlyCount "69"]
[EventDate "2000.??.??"]

1. e4 c5 2. Nf3 Nc6 3. d4 cxd4 4. Nxd4 d6 5. Nc3 g6 6. Be3 Bg7 7. Be2 Nf6 8. f3
a6 9. Qd2 O-O 10. h4 Nxd4 11. Bxd4 Qa5 12. g4 Be6 13. h5 Rac8 14. hxg6 fxg6 15.
a3 Bc4 16. Bd3 b5 17. f4 Bxd3 18. cxd3 b4 19. Bxf6 bxc3 20. Bxc3 Bxc3 21. bxc3
Qxc3 22. Qxc3 Rxc3 23. Kd2 Rfc8 24. f5 Rc2+ 25. Ke3 Rg2 26. fxg6 hxg6 27. Kf4
Rc5 28. Rac1 Rf2+ 29. Ke3 Rcc2 30. Rb1 Rb2 31. Rhg1 Rxb1 32. Rxb1 Rc2 33. Rb7
Kf7 34. Kf3 Rc3 35. Ke3 0-1

[Event "Bad Woerishofen op"]
[Site "?"]
[Date "2000.??.??"]
[Round "4"]
[White "Kugelmann, Joachim"]
[Black "Rostek, Bettina"]
[Result "1-0"]
[WhiteElo "2001"]
[BlackElo "1582"]
[PlyCount "41"]
[EventDate "2000.??.??"]

1. e4 d6 2. d4 Nf6 3. Nc3 Bg4 4. Be2 Bxe2 5. Qxe2 e5 6. Nf3 exd4 7. Nxd4 c6 8.
Bg5 h6 9. Bh4 Qb6 10. O-O-O Nbd7 11. Bxf6 gxf6 12. Nf5 Qc7 13. Qd2 d5 14. exd5
O-O-O 15. dxc6 Qxc6 16. Nd6+ Bxd6 17. Qxd6 Qxg2 18. Nd5 Qg5+ 19. f4 Qxd5 20.
Rxd5 Nb6 21. Rc5# 1-0

[Event "Bad Woerishofen op"]
[Site "?"]
[Date "2000.??.??"]
[Round "6"]
[White "Kugelmann, Joachim"]
[Black "Vonach, Bernhard"]
[Result "1-0"]
[WhiteElo "2001"]
[BlackElo "1740"]
[PlyCount "87"]
[EventDate "2000.??.??"]

1. e4 e5 2. Nf3 Nc6 3. Bb5 a6 4. Ba4 Nf6 5. O-O b5 6. Bb3 Be7 7. Re1 d6 8. c3
O-O 9. h3 Na5 10. Bc2 c5 11. d4 cxd4 12. cxd4 Nd7 13. Nc3 Re8 14. Nd5 Bf8 15.
Bg5 f6 16. Bc1 Nb6 17. b3 Nxd5 18. exd5 Bb7 19. Qd3 g6 20. Bd2 Bxd5 21. dxe5
Bxf3 22. Qxf3 dxe5 23. Rad1 Qb6 24. Be4 Ra7 25. Be3 Bc5 26. b4 Bxe3 27. bxa5
Bxf2+ 28. Qxf2 Qxf2+ 29. Kxf2 f5 30. Bc6 Ree7 31. Rd6 Kg7 32. h4 e4 33. Ke3 Re5
34. Rc1 b4 35. Bd5 Rae7 36. g3 h6 37. Rcc6 Rxd5 38. Rxd5 Rb7 39. Rdc5 b3 40.
Rc7+ Kf6 41. Rxb7 bxa2 42. Rc1 g5 43. Rb6+ Ke7 44. Rxh6 1-0

[Event "Bad Woerishofen op"]
[Site "?"]
[Date "2000.??.??"]
[Round "7"]
[White "Kugelmann, Joachim"]
[Black "Wiesend, Bruno"]
[Result "1-0"]
[WhiteElo "2001"]
[BlackElo "2177"]
[PlyCount "111"]
[EventDate "2000.??.??"]

1. e4 e5 2. Nf3 Nf6 3. d4 Nxe4 4. Bd3 d5 5. dxe5 Nc5 6. Be2 Be7 7. Nc3 c6 8.
Bf4 Bg4 9. Nd4 Bxe2 10. Qxe2 O-O 11. Qg4 Re8 12. Nf5 g6 13. Nxe7+ Qxe7 14.
O-O-O Nbd7 15. Rhe1 Ne6 16. Bh6 Ng7 17. Bxg7 Kxg7 18. f4 Qe6 19. Qxe6 fxe6 20.
Ne4 Rf8 21. g3 b6 22. Rd2 Nc5 23. Nf6 Rad8 24. g4 h6 25. f5 gxf5 26. gxf5 exf5
27. Rf2 Ne4 28. Rg1+ Kf7 29. Rxf5 Ke6 30. Rh5 Nxf6 31. Rg6 Ke7 32. Rxf6 Rxf6
33. exf6+ Kf7 34. Rxh6 Rg8 35. b3 Rg2 36. h4 a6 37. Rh7+ Kxf6 38. Rb7 Ke5 39.
Rxb6 c5 40. Rxa6 Rh2 41. Ra4 d4 42. Ra5 Kd5 43. b4 Kc4 44. bxc5 Rxh4 45. c6 Rh7
46. Rg5 Rc7 47. Rg6 Kc3 48. a3 Rc8 49. Kd1 Rc7 50. a4 Kb4 51. Kd2 Kxa4 52. Kd3
Kb5 53. Kxd4 Kb6 54. Kd5 Rc8 55. c7+ Kb7 56. Rc6 1-0

[Event "Bad Woerishofen op"]
[Site "?"]
[Date "2000.??.??"]
[Round "9"]
[White "Kugelmann, Joachim"]
[Black "Eisenbeis, Norman"]
[Result "0-1"]
[WhiteElo "2001"]
[BlackElo "2179"]
[PlyCount "42"]
[EventDate "2000.??.??"]

1. e4 c5 2. Nf3 Nc6 3. d4 cxd4 4. Nxd4 Nf6 5. Nc3 d6 6. Be2 e6 7. Be3 Be7 8.
O-O O-O 9. Bf3 Ne5 10. Qe2 a6 11. Rad1 Qc7 12. Bc1 b5 13. a3 Bb7 14. Bh5 Nc4
15. Bf3 Nxa3 16. bxa3 Qxc3 17. Rd3 Qc7 18. Bb2 Rac8 19. g4 Nd7 20. Bg2 Bf6 21.
g5 Bxd4 0-1

[Event "Bad Woerishofen op"]
[Site "Bad Woerishofen"]
[Date "2000.??.??"]
[Round "1"]
[White "Kunz, Konstantin"]
[Black "Juscamayta, Tupac"]
[Result "0-1"]
[WhiteElo "2260"]
[BlackElo "1861"]
[PlyCount "96"]
[EventDate "1998.03.05"]
[Source "ChessBase"]
[SourceDate "1998.04.29"]

1. d4 d5 2. c4 e6 3. Nc3 Nf6 4. Bg5 Be7 5. e3 O-O 6. Rc1 c6 7. Nf3 Nbd7 8. Bd3
h6 9. Bf4 b6 10. O-O Bb7 11. Qe2 c5 12. Rfd1 cxd4 13. exd4 Rc8 14. Ne5 Nb8 15.
cxd5 Nxd5 16. Be3 Bg5 17. Nf3 Nf4 18. Bxf4 Bxf4 19. Ra1 Nd7 20. Ne5 Qg5 21. Ne4
Bxe4 22. Qxe4 Nf6 23. Qe2 Rfd8 24. Nf3 Qh5 25. g3 Bb8 26. Rac1 Qd5 27. a3 g6
28. Kg2 Kg7 29. h3 Rxc1 30. Rxc1 Qb7 31. Rc3 Rxd4 32. Ba6 Qd5 33. Bc4 Re4 34.
Qc2 Qb7 35. Kh2 Rxc4 36. Rxc4 Qxf3 37. Rc3 Qe4 38. Qd2 Nd5 39. Rb3 a5 40. Kg1
Qb1+ 41. Kg2 Be5 42. Qe2 Bf6 43. Rb5 h5 44. Rb3 a4 45. Rb5 Bd4 46. h4 Qf5 47.
Kg1 Bc5 48. Kg2 Nc7 0-1

[Event "Bad Woerishofen op"]
[Site "?"]
[Date "2000.??.??"]
[Round "3"]
[White "Kunz, Konstantin"]
[Black "Luett, Michael"]
[Result "0-1"]
[WhiteElo "2260"]
[BlackElo "2090"]
[PlyCount "56"]
[EventDate "2000.??.??"]

1. d4 d5 2. c4 c6 3. e3 Nf6 4. Nc3 g6 5. Nf3 Bg7 6. h3 O-O 7. Bd3 c5 8. O-O Nc6
9. a3 cxd4 10. exd4 b6 11. Bg5 Bb7 12. Re1 dxc4 13. Bxc4 Na5 14. Ba2 e6 15. Ne5
h6 16. Bxf6 Qxf6 17. Nd7 Qg5 18. d5 Rfd8 19. Ne4 Qe7 20. dxe6 fxe6 21. Nef6+
Bxf6 22. Rxe6 Qxd7 23. Rd6+ Qf7 24. Bxf7+ Kxf7 25. Rd7+ Be7 26. b3 Bc6 27. Rxd8
Rxd8 28. Qc2 Bf6 0-1

[Event "Bad Woerishofen op"]
[Site "?"]
[Date "2000.??.??"]
[Round "5"]
[White "Kunz, Konstantin"]
[Black "Heil, Walter"]
[Result "1-0"]
[WhiteElo "2260"]
[BlackElo "2080"]
[PlyCount "95"]
[EventDate "2000.??.??"]

1. d4 f5 2. g3 Nf6 3. Bg2 g6 4. c4 Bg7 5. Nc3 d6 6. Nh3 Nc6 7. d5 Ne5 8. Bd2
O-O 9. b3 Bd7 10. Rc1 c6 11. Nf4 g5 12. Nh3 h6 13. f4 g4 14. Nf2 Ng6 15. O-O h5
16. e4 h4 17. Ne2 cxd5 18. exf5 hxg3 19. hxg3 Bxf5 20. cxd5 Qb6 21. Bc3 Nh5 22.
Kh2 Kf7 23. Bxg7 Nxg7 24. Qd4 Rh8+ 25. Kg1 Bd7 26. Qxb6 axb6 27. a4 b5 28. Rc7
Rhd8 29. Nc3 bxa4 30. bxa4 Rac8 31. Rxc8 Rxc8 32. Nb5 Nf5 33. Ne4 Ne3 34.
Nexd6+ exd6 35. Nxd6+ Kf6 36. Nxc8 Nxf1 37. Nb6 Bxa4 38. Kxf1 Bb5+ 39. Kf2 Ne7
40. Be4 Ng8 41. Ke3 Ke7 42. Kd4 Kd6 43. Bf5 Nf6 44. Nc8+ Kc7 45. d6+ Kd8 46.
Nb6 Be2 47. Bg6 Bb5 48. Ke5 1-0

[Event "Bad Woerishofen op"]
[Site "?"]
[Date "2000.??.??"]
[Round "7"]
[White "Kunz, Konstantin"]
[Black "Santl, Anton"]
[Result "0-1"]
[WhiteElo "2260"]
[BlackElo "2191"]
[PlyCount "64"]
[EventDate "2000.??.??"]

1. d4 Nf6 2. c4 g6 3. Nc3 Bg7 4. e4 d6 5. Nf3 O-O 6. h3 c5 7. d5 Na6 8. Bd3 Nc7
9. O-O e5 10. dxe6 Nxe6 11. Nh2 a6 12. f4 Nh5 13. g4 Nd4 14. Kg2 Nf6 15. a4 b6
16. Nf3 Re8 17. g5 Qd7 18. Rh1 Nh5 19. Nd5 Rb8 20. Ra3 b5 21. axb5 axb5 22. b3
bxc4 23. bxc4 Bb7 24. Nxd4 Bxd5 25. exd5 Bxd4 26. Be2 Re7 27. Qc2 Rb2 28. Ra8+
Kg7 29. Qxb2 Nxf4+ 30. Kg3 Qf5 31. Ra3 Qxg5+ 32. Kf3 32... Bxb2 {0-1 im 40.Zug}
0-1

[Event "Bad Woerishofen op"]
[Site "?"]
[Date "2000.??.??"]
[Round "9"]
[White "Kunz, Konstantin"]
[Black "Guenther, Thomas"]
[Result "1-0"]
[WhiteElo "2260"]
[BlackElo "2142"]
[PlyCount "112"]
[EventDate "2000.??.??"]

1. b3 Nf6 2. f4 b6 3. Bb2 e6 4. Nf3 Bb7 5. e3 Be7 6. Nc3 O-O 7. Bd3 Na6 8. O-O
Nb4 9. Be2 Nfd5 10. Nxd5 Nxd5 11. c4 Bf6 12. Ne5 Ne7 13. d4 g6 14. Bf3 Bxf3 15.
Qxf3 Bg7 16. e4 d6 17. Nd3 c5 18. dxc5 Bxb2 19. Nxb2 dxc5 20. Rad1 Qc7 21. e5
Nf5 22. Na4 Rad8 23. Nc3 Nd4 24. Qe3 Nf5 25. Qf3 a6 26. Rxd8 Rxd8 27. Ne4 Kg7
28. g4 Nd4 29. Qf2 h6 30. h4 Qe7 31. Nf6 Kh8 32. Qg2 Qc7 33. h5 Qc6 34. Qf2 Kg7
35. Kh2 Qb7 36. Kg3 Qc6 37. Re1 Qb7 38. Re4 Qc6 39. Re1 Qb7 40. Rf1 Qc6 41. Kh2
a5 42. Kh3 a4 43. hxg6 fxg6 44. Qh4 Rf8 45. Qg3 Rd8 46. f5 exf5 47. Nd5 Qe6 48.
bxa4 Rf8 49. Kg2 fxg4 50. Rf6 Qd7 51. Rxb6 Qxa4 52. Rb7+ Kh8 53. Qc3 Qxa2+ 54.
Rb2 Qa1 55. Nf6 Qd1 56. Rf2 Nf3 1-0

[Event "Bad Woerishofen op"]
[Site "Bad Woerishofen"]
[Date "2000.??.??"]
[Round "1"]
[White "Kuprejchik, Victor"]
[Black "Mantzouneas, Nikolaos"]
[Result "1-0"]
[WhiteElo "2480"]
[BlackElo "2057"]
[PlyCount "89"]
[EventDate "1998.03.05"]
[Source "ChessBase"]
[SourceDate "1998.04.29"]

1. e4 c5 2. Nf3 d6 3. Nc3 Nf6 4. d4 cxd4 5. Nxd4 a6 6. h3 b5 7. g4 Bb7 8. Bg2
h6 9. O-O e6 10. a3 Qc7 11. f4 Nc6 12. Be3 Be7 13. Qf3 O-O 14. Rad1 Nxd4 15.
Bxd4 e5 16. Be3 exf4 17. Bxf4 Nd7 18. Qf2 Ne5 19. Nd5 Bxd5 20. Rxd5 Rac8 21. c3
Bf6 22. Bxh6 Nc4 23. Bc1 Be5 24. Bf3 Qb6 25. Be2 g6 26. Bxc4 Qxf2+ 27. Kxf2
Rxc4 28. Ke3 Re8 29. Kd3 Rc5 30. h4 Bg3 31. Rxc5 dxc5 32. Bg5 Be5 33. Bf6 c4+
34. Ke3 Bc7 35. Rd1 Re6 36. g5 Rd6 37. Rxd6 Bxd6 38. Kd4 Bf4 39. Kc5 Bc1 40.
Kb6 Bxb2 41. Kxa6 Bxa3 42. Kxb5 Kf8 43. Kxc4 Ke8 44. Kd5 Kd7 45. Bd4 1-0

[Event "Bad Woerishofen op"]
[Site "?"]
[Date "2000.??.??"]
[Round "3"]
[White "Kuprejchik, Victor"]
[Black "Rahls, Peter"]
[Result "1/2-1/2"]
[WhiteElo "2480"]
[BlackElo "2265"]
[PlyCount "109"]
[EventDate "2000.??.??"]

1. e4 c5 2. Nf3 e6 3. Nc3 a6 4. g3 Nc6 5. Bg2 e5 6. Nd5 d6 7. c3 Bg4 8. h3 Bh5
9. d3 Be7 10. Be3 Nf6 11. g4 Bg6 12. h4 h5 13. Nxf6+ Bxf6 14. g5 Be7 15. Qe2 d5
16. Bc1 d4 17. c4 b5 18. b3 Rb8 19. Nd2 Qa5 20. O-O Qc7 21. Re1 Nd8 22. Nf1 f6
23. Bh3 fxg5 24. hxg5 Nf7 25. Bf5 Rb6 26. Qf3 Bxg5 27. Qg2 Qe7 28. cxb5 axb5
29. Nh2 Bxf5 30. Bxg5 Nxg5 31. exf5 O-O 32. Qd5+ Kh8 33. Rxe5 Nh3+ 34. Kf1 Qh4
35. Qf3 Ng5 36. Qg3 Qxg3 37. fxg3 c4 38. bxc4 bxc4 39. dxc4 Rb2 40. Re2 Rxf5+
41. Ke1 Rb4 42. Rc1 Rc5 43. Kd2 Rcxc4 44. Rxc4 Rxc4 45. Re5 Ra4 46. Rxg5 Rxa2+
47. Kd3 Rxh2 48. Kxd4 Kh7 49. Ke3 Kh6 50. Ra5 Rb2 51. Kf3 Rb3+ 52. Kg2 g5 53.
Ra6+ Kg7 54. Ra7+ Kf6 55. Ra6+ 1/2-1/2

[Event "Bad Woerishofen op"]
[Site "?"]
[Date "2000.??.??"]
[Round "5"]
[White "Kuprejchik, Victor"]
[Black "Babar, Michael"]
[Result "1-0"]
[WhiteElo "2380"]
[BlackElo "2170"]
[PlyCount "69"]
[EventDate "2000.??.??"]

1. e4 c5 2. Nc3 d6 3. f4 Nf6 4. Nf3 g6 5. d4 cxd4 6. Nxd4 Nc6 7. Be3 Bg7 8. Be2
O-O 9. Nb3 Be6 10. O-O Rc8 11. Kh1 a6 12. Bd3 Nb4 13. f5 Nxd3 14. cxd3 Bxb3 15.
Qxb3 Qd7 16. Bg5 Rc5 17. d4 Rxc3 18. bxc3 Nxe4 19. Be3 gxf5 20. c4 Qe6 21. Rab1
Rb8 22. c5 Qc8 23. Qb6 dxc5 24. dxc5 Be5 25. Qh6 e6 26. Rb6 Qd7 27. Rfb1 Nc3
28. c6 Qd8 29. Bg5 Qd4 30. R6b4 Qd6 31. Be7 Qxe7 32. Rxb7 Rxb7 33. Rxb7 Qd8 34.
Rd7 Qb6 35. Qg5+ 1-0